<?xml version="1.0" encoding="UTF-8"?>
<record
    xmlns:xsi="http://www.w3.org/2001/XMLSchema-instance"
    xsi:schemaLocation="http://www.loc.gov/MARC21/slim http://www.loc.gov/standards/marcxml/schema/MARC21slim.xsd"
    xmlns="http://www.loc.gov/MARC21/slim">

  <leader>01115nam a2200241Ia 4500</leader>
  <datafield tag="999" ind1=" " ind2=" ">
    <subfield code="c">36071</subfield>
    <subfield code="d">36071</subfield>
  </datafield>
  <controlfield tag="001">1971</controlfield>
  <controlfield tag="003">GE_BSU</controlfield>
  <controlfield tag="005">20221007114537.0</controlfield>
  <controlfield tag="008">181216s2007ru  xx |||||||||||||| ||rus||</controlfield>
  <datafield tag="020" ind1=" " ind2=" ">
    <subfield code="a">9785756704587</subfield>
  </datafield>
  <datafield tag="040" ind1=" " ind2=" ">
    <subfield code="c">GE_BSU</subfield>
  </datafield>
  <datafield tag="041" ind1=" " ind2=" ">
    <subfield code="a">rus</subfield>
  </datafield>
  <datafield tag="080" ind1=" " ind2=" ">
    <subfield code="a">342.521(075.8)+328.34(075.8) &#x41D;-69</subfield>
  </datafield>
  <datafield tag="100" ind1=" " ind2=" ">
    <subfield code="a">&#x41D;&#x438;&#x441;&#x43D;&#x435;&#x432;&#x438;&#x447;, &#x42E;.&#x410;. </subfield>
    <subfield code="9">15133</subfield>
  </datafield>
  <datafield tag="245" ind1=" " ind2=" ">
    <subfield code="a">&#x417;&#x430;&#x43A;&#x43E;&#x43D;&#x43E;&#x434;&#x430;&#x442;&#x435;&#x43B;&#x44C;&#x43D;&#x430;&#x44F; &#x434;&#x435;&#x44F;&#x442;&#x435;&#x43B;&#x44C;&#x43D;&#x43E;&#x441;&#x442;&#x44C;. &#x41F;&#x43E;&#x43B;&#x438;&#x442;&#x438;&#x43A;&#x43E;-&#x43F;&#x440;&#x430;&#x432;&#x43E;&#x432;&#x43E;&#x439; &#x430;&#x43D;&#x430;&#x43B;&#x438;&#x437; :</subfield>
    <subfield code="b">&#x423;&#x447;&#x435;&#x431;&#x43D;&#x438;&#x43A; &#x434;&#x43B;&#x44F;  &#x441;&#x442;&#x443;&#x434;. &#x432;&#x44B;&#x441;&#x448;. &#x443;&#x447;&#x435;&#x431;. &#x437;&#x430;&#x432;&#x435;&#x434;. /</subfield>
    <subfield code="c">&#x42E;.&#x410;. &#x41D;&#x438;&#x441;&#x43D;&#x435;&#x432;&#x438;&#x447;, &#x414;.&#x415;. &#x41F;&#x43B;&#x430;&#x442;&#x43E;&#x43D;&#x43E;&#x432;.</subfield>
  </datafield>
  <datafield tag="264" ind1=" " ind2=" ">
    <subfield code="a">&#x41C;&#x43E;&#x441;&#x43A;&#x432;&#x430; :</subfield>
    <subfield code="b">&#x410;&#x441;&#x43F;&#x435;&#x43A;&#x442;-&#x41F;&#x440;&#x435;&#x441;&#x441;,</subfield>
    <subfield code="c">2007.</subfield>
  </datafield>
  <datafield tag="300" ind1=" " ind2=" ">
    <subfield code="a">285 &#x441;&#x442;&#x440;. :</subfield>
    <subfield code="b">21 &#x441;&#x43C;.</subfield>
  </datafield>
  <datafield tag="653" ind1=" " ind2=" ">
    <subfield code="a">&#x417;&#x430;&#x43A;&#x43E;&#x43D;&#x43E;&#x434;&#x430;&#x442;&#x435;&#x43B;&#x44C;&#x43D;&#x430;&#x44F; &#x434;&#x435;&#x44F;&#x442;&#x435;&#x43B;&#x44C;&#x43D;&#x43E;&#x441;&#x442;&#x44C;. &#x41F;&#x43E;&#x43B;&#x438;&#x442;&#x438;&#x43A;&#x43E;-&#x43F;&#x440;&#x430;&#x432;&#x43E;&#x432;&#x43E;&#x439; &#x430;&#x43D;&#x430;&#x43B;&#x438;&#x437;</subfield>
  </datafield>
  <datafield tag="653" ind1=" " ind2=" ">
    <subfield code="a">&#x10E1;&#x10D0;&#x10D9;&#x10D0;&#x10DC;&#x10DD;&#x10DC;&#x10DB;&#x10D3;&#x10D4;&#x10D1;&#x10DA;&#x10DD; &#x10E1;&#x10D0;&#x10E5;&#x10DB;&#x10D8;&#x10D0;&#x10DC;&#x10DD;&#x10D1;&#x10D0;. &#x10DE;&#x10DD;&#x10DA;&#x10D8;&#x10E2;&#x10D8;&#x10D9;&#x10E3;&#x10E0;&#x10D8; &#x10D3;&#x10D0; &#x10E1;&#x10D0;&#x10DB;&#x10D0;&#x10E0;&#x10D7;&#x10DA;&#x10D4;&#x10D1;&#x10E0;&#x10D8;&#x10D5;&#x10D8; &#x10D0;&#x10DC;&#x10D0;&#x10DA;&#x10D8;&#x10D6;&#x10D8;</subfield>
  </datafield>
  <datafield tag="653" ind1=" " ind2=" ">
    <subfield code="a">&#x10E1;&#x10D0;&#x10DB;&#x10D0;&#x10E0;&#x10D7;&#x10D0;&#x10DA;&#x10D8;</subfield>
  </datafield>
  <datafield tag="700" ind1=" " ind2=" ">
    <subfield code="a">&#x41F;&#x43B;&#x430;&#x442;&#x43E;&#x43D;&#x43E;&#x432;, &#x414;.&#x415;.</subfield>
    <subfield code="9">15134</subfield>
  </datafield>
  <datafield tag="942" ind1=" " ind2=" ">
    <subfield code="c">BK</subfield>
    <subfield code="2">udc</subfield>
  </datafield>
  <datafield tag="952" ind1=" " ind2=" ">
    <subfield code="0">0</subfield>
    <subfield code="1">0</subfield>
    <subfield code="2">udc</subfield>
    <subfield code="4">0</subfield>
    <subfield code="6">3425210758328340758_&#x41D;69</subfield>
    <subfield code="7">0</subfield>
    <subfield code="9">34797</subfield>
    <subfield code="a">CPL</subfield>
    <subfield code="b">CPL</subfield>
    <subfield code="c">GEN</subfield>
    <subfield code="d">2018-12-17</subfield>
    <subfield code="g">12.00</subfield>
    <subfield code="o">342.521(075.8)+328.34(075.8) &#x41D;-69</subfield>
    <subfield code="p">3886</subfield>
    <subfield code="r">2018-12-17</subfield>
    <subfield code="t">3886</subfield>
    <subfield code="w">2018-12-17</subfield>
    <subfield code="y">BK</subfield>
    <subfield code="z">12.00</subfield>
  </datafield>
</record>
